| 000 | 01038nam0a22002891 4500 | ||
|---|---|---|---|
| 001 | RU\NLR\INFOCOMM_89\5000597968 | ||
| 005 | 20250613100339.0 | ||
| 035 | _a(NLR Aleph) 009337817 | ||
| 090 |
_a9493657 _c9493657 |
||
| 100 | _a20101022d1986 |||y0rusy50 ca | ||
| 101 | 1 |
_aeng _crus |
|
| 102 | _aRU | ||
| 105 | _aa ||||000|y | ||
| 200 | 1 |
_aThe greatest speed _fS. R. Filonovich _gRuss. ed. edited by Prof. V. A. Fabricant, D. Sc. _gTransl. from the Russ. by Michael Burov |
|
| 205 | _aRev. from the 1983 Russ. ed. | ||
| 210 |
_aM. _cMir _d1986 |
||
| 215 |
_a285 с. _cил., портр. _d16 см |
||
| 225 | 1 | _aScience for everyone | |
| 300 | _aВ вып. дан.: Самая большая скорость / Сергей Ростиславович Филонов | ||
| 686 |
_aВ341.4г _2rubbk |
||
| 700 | 1 |
_9z01790 _aFilonovič _bS. R. _gSergej Rostislavovič _4070 |
|
| 790 | 1 |
_9z01700 _aFilonovich _bS. R. _4070 |
|
| 801 | 1 |
_aRU _bNLR _c20101022 |
|
| 801 | 0 |
_aRU _bNLR _gPSBO |
|
| 852 |
_aNLR _jФз01 Д-1/84 |
||
| 942 | _cBOOK | ||
| 980 | _aNB | ||